00277nam a2200109Ia 4500008004100000100001300041245004300054260003400097650001400131942000700145999001500152190216s9999||||xx |||||||||||||| ||und|| aBuzaev A 0aPolitical Economics A Bigniners Course b"Progress Publishers, Moscow" aEconomics cBK c9789d9789